01562nam a22001577a 4500003000900000005001700009008004100026040001300067100005100080245003100131250000700162260002000169300001900189490006600208520113000274IT-RoPau20220918175936.0121205b xxu||||| |||| 00| 0 eng d cIT-RoPau aAlberione GiacomoqFondatore Famiglia Paolina  aMaria discepola e maestra  aII aRomabSSPc1987 a40 p.c21,5 cm aEdizioni Archivio Storico Generale della Famiglia Paolina vI aINDICE Presentazione Parte Prima PER MARIA MAESTRA A GESU' MAESTRO 1. Concetto di Maestro 2. Maria via a Cristo e via di Cristo 3. Maria Maestra I. MARIA E' VIA : ESEMPIO DI SANTITA' 1. Conformazione alle virtù di Cristo 2. Il "libro" di tutte le virtù II. MARIA E' VITA : EFFICACIA NELLE SUE PREGHIERE 1. La vita di Cristo per mezzo di Maria 2. Maria ci comunica la vita in tre momenti successivi III. MARIA HA SAPIENZA : AUTORITA' DEL SUO CONSIGLIO 1. Maria sede della sapienza 2. I più ricchi tesori di scienza Conclusione: tre applicazioni Parte seconda DISCEPOLATO E MAGISTERO DI MARIA I. MARIA FU DISCEPOLA, POI MAESTRA 1. Prima dell' incarnazione del Figlio di Dio 2. Fu Discepola di Gesù nella vita privata 3. Durante la vita pubblica II. MARIA FU MAESTRA 1. Maestra e formatrice di Gesù 2. Maria Maestra nella Chiesa Parte terza MARIA E IL MAESTRO-EDUCATORE I. SUL MODELLO DI GESU' E DI MARIA II. CONSACRAZIONE A MARIA E FORMAZIONE PAOLINA 1. Consacrazione adel magistero e del discepolato 2. Maria nella formazione paolina Conclusione Preghiere a Maria